[Event "Mitropa Online Cup Women 2021"]
[Site "Hybrid"]
[Date "2021.05.04"]
[Round "1.3"]
[White "Janzelj, Lara"]
[Black "Sankova, Stella"]
[Result "0-1"]
[WhiteElo "2212"]
[BlackElo "2087"]
[Annotator "NA"]
[PlyCount "80"]
[EventDate "2021.05.04"]
[EventType "team-tourn"]
[EventCountry "NET"]
[SourceTitle "playchess.com"]
[Source "ChessBase"]
[SourceQuality "1"]
[WhiteTeam "Slovenia"]
[BlackTeam "Slovakia"]
[WhiteTeamCountry "SLO"]
[BlackTeamCountry "SVK"]
[TimeControl "40/5400+30:1800+30"]

1. d4 {[%emt 0:00:00]} Nf6 {[%emt 0:00:16]} 2. c4 {[%emt 0:00:34]} e6 {[%emt 0:00:09]} 3. Nc3 {[%emt 0:00:20]} Bb4 {[%emt 0:00:36]} 4. f3 {[%emt 0:00:39]} d5 {[%emt 0:01:37]} 5. a3 {[%emt 0:00:33]} Bxc3+ {[%emt 0:00:36]} 6. bxc3 {[%emt 0:00:09]} c5 {[%emt 0:03:58]} 7. cxd5 {[%emt 0:01:11]} exd5 {[%emt 0:01:56]} 8. e3 {[%emt 0:00:38]} Bf5 {[%emt 0:05:03]} 9. Ne2 {[%emt 0:13:07]} Nc6 {[%emt 0:03:32]} 10. g4 {[%emt 0:22:29]} Be6 {[%emt 0:09:47]} 11. Bg2 {[%emt 0:02:47]} Rc8 {[%emt 0:12:46]} 12. O-O {[%emt 0:05:21]} O-O {[%emt 0:02:27]} 13. Nf4 {[%emt 0:21:56]} Na5 {[%emt 0:07:44]} 14. Nd3 {[%emt 0:04:11]} b6 {[%emt 0:07:36]} 15. a4 {[%emt 0:04:45]} Re8 {[%emt 0:05:38]} 16. Nf2 {[%emt 0:03:44]} cxd4 {[%emt 0:10:39]} 17. cxd4 {[%emt 0:00:44]} Re7 {[%emt 0:02:00]} 18. f4 {[%emt 0:08:02]} Rc6 {[%emt 0:06:03]} 19. f5 {[%emt 0:01:04]} Bc8 {[%emt 0:00:32]} 20. g5 {[%emt 0:04:13]} Ne8 {[%emt 0:03:06]} 21. Nd3 {[%emt 0:01:38]} Nc4 {[%emt 0:05:18]} 22. Qf3 {[%emt 0:00:26]} Rd6 {[%emt 0:04:13]} 23. Nf4 {[%emt 0:00:21]} Nc7 {[%emt 0:03:25]} 24. f6 {[%emt 0:00:27]} gxf6 {[%emt 0:01:17]} 25. Nh5 {[%emt 0:01:04]} fxg5 {[%emt 0:00:28]} 26. Nf6+ {[%emt 0:00:11]} Kg7 {[%emt 0:00:50]} 27. e4 {[%emt 0:01:56]} dxe4 {[%emt 0:00:26]} 28. Qh5 {[%emt 0:00:36]} Rxf6 {[%emt 0:00:32]} 29. Rxf6 {[%emt 0:00:04]} Qxd4+ {[%emt 0:00:34]} 30. Rf2 {[%emt 0:00:05]} Qxa1 {[%emt 0:00:15]} 31. Qxg5+ {[%emt 0:01:20]} Kf8 {[%emt 0:00:21]} 32. Qh6+ {[%emt 0:00:46]} Qg7 {[%emt 0:00:45]} 33. Qc6 {[%emt 0:00:13]} Ne5 {[%emt 0:00:41]} 34. Qd6 {[%emt 0:00:22]} Ne8 {[%emt 0:00:54]} 35. Qd8 {[%emt 0:00:38]} Bh3 {[%emt 0:00:44]} 36. Ba3 {[%emt 0:00:20]} Nf3+ {[%emt 0:00:19]} 37. Kf1 {[%emt 0:00:37]} Bxg2+ {[%emt 0:00:28]} 38. Ke2 {[%emt 0:00:20]} Ng1+ {[%emt 0:00:29]} 39. Kd1 {[%emt 0:00:40]} Qa1+ {[%emt 0:00:17]} 40. Bc1 {[%emt 0:00:00]} Bf3+ {[%emt 0:00:00]} 0-1

[Event "Mitropa Online Cup Women 2021"]
[Site "Hybrid"]
[Date "2021.05.04"]
[Round "1.3"]
[White "Rozman, Monika"]
[Black "Taragelova, Martina"]
[Result "1/2-1/2"]
[WhiteElo "2175"]
[BlackElo "2010"]
[Annotator "NA"]
[PlyCount "93"]
[EventDate "2021.05.04"]
[EventType "team-tourn"]
[EventCountry "NET"]
[SourceTitle "playchess.com"]
[Source "ChessBase"]
[SourceQuality "1"]
[WhiteTeam "Slovenia"]
[BlackTeam "Slovakia"]
[WhiteTeamCountry "SLO"]
[BlackTeamCountry "SVK"]
[TimeControl "40/5400+30:1800+30"]

1. e4 {[%emt 0:00:00]} e5 {[%emt 0:00:19]} 2. Nf3 {[%emt 0:00:05]} Nc6 {[%emt 0:00:10]} 3. Bc4 {[%emt 0:00:06]} Bc5 {[%emt 0:00:17]} 4. c3 {[%emt 0:00:06]} Nf6 {[%emt 0:00:14]} 5. d3 {[%emt 0:00:07]} d6 {[%emt 0:00:31]} 6. O-O {[%emt 0:00:44]} O-O {[%emt 0:00:24]} 7. Bb3 {[%emt 0:00:25]} a5 {[%emt 0:01:00]} 8. Nbd2 {[%emt 0:01:23]} Ba7 {[%emt 0:03:03]} 9. Nc4 {[%emt 0:05:49]} h6 {[%emt 0:02:33]} 10. Re1 {[%emt 0:02:13]} Re8 {[%emt 0:04:37]} 11. Ne3 {[%emt 0:04:07]} Ne7 {[%emt 0:06:12]} 12. Nh4 {[%emt 0:05:09]} c6 {[%emt 0:02:49]} 13. Qf3 {[%emt 0:02:55]} d5 {[%emt 0:05:38]} 14. exd5 {[%emt 0:09:20]} cxd5 {[%emt 0:02:06]} 15. Ba4 {[%emt 0:10:33]} e4 {[%emt 0:07:13]} 16. dxe4 {[%emt 0:07:29]} dxe4 {[%emt 0:01:53]} 17. Qe2 {[%emt 0:01:32]} Nc6 {[%emt 0:07:16]} 18. Rd1 {[%emt 0:08:09]} Qc7 {[%emt 0:01:57]} 19. Nhf5 {[%emt 0:01:08]} Bxe3 {[%emt 0:02:43]} 20. Nxe3 {[%emt 0:00:19]} Be6 {[%emt 0:00:50]} 21. Bd2 {[%emt 0:01:16]} Red8 {[%emt 0:02:22]} 22. Be1 {[%emt 0:00:34]} Ne5 {[%emt 0:03:40]} 23. h3 {[%emt 0:03:30]} Bxh3 {[%emt 0:07:58]} 24. Rxd8+ {[%emt 0:06:30]} Rxd8 {[%emt 0:00:54]} 25. Rd1 {[%emt 0:00:50]} Rxd1 {[%emt 0:03:43]} 26. Qxd1 {[%emt 0:04:20]} Be6 {[%emt 0:02:47]} 27. Bb5 {[%emt 0:07:09]} Neg4 {[%emt 0:10:56]} 28. Nf1 {[%emt 0:03:38]} Nd5 {[%emt 0:09:47]} 29. Qd4 {[%emt 0:06:00]} Qe5 {[%emt 0:03:09]} 30. Qxe5 {[%emt 0:02:26]} Nxe5 {[%emt 0:00:08]} 31. c4 {[%emt 0:03:06]} Nc7 {[%emt 0:01:52]} 32. Ng3 {[%emt 0:01:30]} Nxb5 {[%emt 0:02:49]} 33. cxb5 {[%emt 0:00:03]} Bxa2 {[%emt 0:00:53]} 34. Nxe4 {[%emt 0:00:03]} Bd5 {[%emt 0:01:44]} 35. Nd6 {[%emt 0:00:53]} Nc4 {[%emt 0:02:02]} 36. Nxc4 {[%emt 0:00:09]} Bxc4 {[%emt 0:00:06]} 37. Bxa5 {[%emt 0:00:02]} Bxb5 {[%emt 0:00:09]} 38. f3 {[%emt 0:00:08]} Kf8 {[%emt 0:00:40]} 39. Bc3 {[%emt 0:00:14]} f6 {[%emt 0:00:45]} 40. Kf2 {[%emt 0:00:00]} Kf7 {[%emt 0:00:00]} 41. g4 {[%emt 0:01:15]} Ke6 {[%emt 0:03:55]} 42. Ke3 {[%emt 0:00:57]} g6 {[%emt 0:01:54]} 43. Kf4 {[%emt 0:02:19]} Bd3 {[%emt 0:02:08]} 44. Kg3 {[%emt 0:01:26]} f5 {[%emt 0:03:32]} 45. Bg7 {[%emt 0:01:25]} h5 {[%emt 0:02:36]} 46. gxh5 {[%emt 0:00:14]} gxh5 {[%emt 0:00:09]} 47. f4 {[%emt 0:01:03]} 1/2-1/2

[Event "Mitropa Online Cup Women 2021"]
[Site "Hybrid"]
[Date "2021.05.04"]
[Round "1.3"]
[White "Ferkova, Dominika"]
[Black "Hrescak, Ivana"]
[Result "1-0"]
[WhiteElo "2006"]
[BlackElo "2201"]
[Annotator "NA"]
[PlyCount "161"]
[EventDate "2021.05.04"]
[EventType "team-tourn"]
[EventCountry "NET"]
[SourceTitle "playchess.com"]
[Source "ChessBase"]
[SourceQuality "1"]
[WhiteTeam "Slovakia"]
[BlackTeam "Slovenia"]
[WhiteTeamCountry "SVK"]
[BlackTeamCountry "SLO"]
[TimeControl "40/5400+30:1800+30"]

1. d4 {[%emt 0:00:00]} Nf6 {[%emt 0:00:12]} 2. c4 {[%emt 0:00:08]} g6 {[%emt 0:00:09]} 3. Nc3 {[%emt 0:00:09]} Bg7 {[%emt 0:00:10]} 4. e4 {[%emt 0:00:16]} d6 {[%emt 0:00:14]} 5. f3 {[%emt 0:00:09]} O-O {[%emt 0:00:17]} 6. Be3 {[%emt 0:00:08]} c5 {[%emt 0:00:17]} 7. Nge2 {[%emt 0:00:07]} Qa5 {[%emt 0:02:43]} 8. Qd2 {[%emt 0:00:18]} Nc6 {[%emt 0:00:35]} 9. d5 {[%emt 0:00:20]} Ne5 {[%emt 0:00:20]} 10. Nc1 {[%emt 0:00:10]} a6 {[%emt 0:02:40]} 11. Be2 {[%emt 0:00:34]} Rb8 {[%emt 0:03:31]} 12. a4 {[%emt 0:03:43]} Rd8 {[%emt 0:04:28]} 13. h3 {[%emt 0:10:20]} Nh5 {[%emt 0:11:06]} 14. Kf2 {[%emt 0:16:17]} Nf6 {[%emt 0:10:27]} 15. N1a2 {[%emt 0:11:21]} Qc7 {[%emt 0:06:01]} 16. f4 {[%emt 0:07:15]} Ned7 {[%emt 0:02:15]} 17. g4 {[%emt 0:02:06]} Nf8 {[%emt 0:09:28]} 18. g5 {[%emt 0:08:41]} Ne8 {[%emt 0:02:18]} 19. Bd3 {[%emt 0:04:05]} e6 {[%emt 0:03:15]} 20. h4 {[%emt 0:04:46]} Qe7 {[%emt 0:07:12]} 21. Rae1 {[%emt 0:04:15]} Nc7 {[%emt 0:05:05]} 22. f5 {[%emt 0:06:44]} exf5 {[%emt 0:09:14]} 23. exf5 {[%emt 0:00:24]} Bxf5 {[%emt 0:00:52]} 24. Bxf5 {[%emt 0:02:29]} gxf5 {[%emt 0:00:09]} 25. Bxc5 {[%emt 0:02:04]} Qd7 {[%emt 0:02:15]} 26. Bd4 {[%emt 0:01:22]} Bxd4+ {[%emt 0:05:05]} 27. Qxd4 {[%emt 0:00:07]} Ng6 {[%emt 0:00:36]} 28. Nb4 {[%emt 0:03:18]} Re8 {[%emt 0:01:29]} 29. h5 {[%emt 0:02:04]} Ne5 {[%emt 0:01:09]} 30. Nd3 {[%emt 0:00:46]} Nxd3+ {[%emt 0:04:52]} 31. Qxd3 {[%emt 0:00:06]} Rxe1 {[%emt 0:01:00]} 32. Rxe1 {[%emt 0:01:23]} Re8 {[%emt 0:00:34]} 33. Rxe8+ {[%emt 0:04:53]} Nxe8 {[%emt 0:00:06]} 34. b3 {[%emt 0:00:52]} f6 {[%emt 0:01:00]} 35. Qg3 {[%emt 0:02:16]} Qg7 {[%emt 0:00:24]} 36. gxf6 {[%emt 0:00:35]} Nxf6 {[%emt 0:00:32]} 37. Qxg7+ {[%emt 0:00:53]} Kxg7 {[%emt 0:00:09]} 38. b4 {[%emt 0:01:17]} b6 {[%emt 0:02:32]} 39. Kf3 {[%emt 0:01:00]} Nd7 {[%emt 0:02:00]} 40. Kf4 {[%emt 0:00:00]} Kf6 {[%emt 0:00:00]} 41. Nd1 {[%emt 0:15:01]} Ne5 {[%emt 0:08:34]} 42. Nb2 {[%emt 0:01:01]} a5 {[%emt 0:03:34]} 43. bxa5 {[%emt 0:10:15]} bxa5 {[%emt 0:00:10]} 44. h6 {[%emt 0:03:33]} Nd7 {[%emt 0:09:37]} 45. Nd1 {[%emt 0:00:30]} Nb6 {[%emt 0:09:40]} 46. Ne3 {[%emt 0:00:29]} Kg6 {[%emt 0:00:58]} 47. c5 {[%emt 0:01:46]} dxc5 {[%emt 0:00:28]} 48. Ke5 {[%emt 0:00:25]} Kg5 {[%emt 0:01:24]} 49. d6 {[%emt 0:01:52]} f4 {[%emt 0:00:51]} 50. Nd5 {[%emt 0:00:12]} Nc4+ {[%emt 0:01:01]} 51. Ke6 {[%emt 0:00:04]} Nxd6 {[%emt 0:00:49]} 52. Kxd6 {[%emt 0:00:02]} c4 {[%emt 0:01:03]} 53. Ke5 {[%emt 0:00:10]} f3 {[%emt 0:00:37]} 54. Ne3 {[%emt 0:01:58]} c3 {[%emt 0:00:43]} 55. Ke4 {[%emt 0:00:26]} f2 {[%emt 0:00:30]} 56. Kd3 {[%emt 0:00:03]} Kxh6 {[%emt 0:00:42]} 57. Kxc3 {[%emt 0:00:03]} Kg5 {[%emt 0:00:07]} 58. Kd2 {[%emt 0:00:03]} Kf4 {[%emt 0:00:35]} 59. Ke2 {[%emt 0:00:03]} Ke4 {[%emt 0:00:41]} 60. Nc4 {[%emt 0:00:03]} Kd4 {[%emt 0:00:38]} 61. Nxa5 {[%emt 0:00:03]} Kc5 {[%emt 0:00:09]} 62. Nb3+ {[%emt 0:00:03]} Kb4 {[%emt 0:00:48]} 63. a5 {[%emt 0:00:02]} Kb5 {[%emt 0:00:18]} 64. Kxf2 {[%emt 0:00:02]} Ka6 {[%emt 0:00:44]} 65. Kg3 {[%emt 0:00:07]} Kb5 {[%emt 0:00:29]} 66. Kh4 {[%emt 0:02:22]} Kc6 {[%emt 0:00:21]} 67. Kh5 {[%emt 0:00:03]} Kc7 {[%emt 0:00:09]} 68. Kh6 {[%emt 0:00:02]} Kc6 {[%emt 0:00:22]} 69. Kxh7 {[%emt 0:00:03]} Kc7 {[%emt 0:00:16]} 70. Kg6 {[%emt 0:00:02]} Kc6 {[%emt 0:00:07]} 71. Kf5 {[%emt 0:00:03]} Kb5 {[%emt 0:00:16]} 72. Kf6 {[%emt 0:00:21]} Kc6 {[%emt 0:00:08]} 73. Ke6 {[%emt 0:00:02]} Kc7 {[%emt 0:00:07]} 74. Kd5 {[%emt 0:00:05]} Kb7 {[%emt 0:00:05]} 75. Kd6 {[%emt 0:00:04]} Ka6 {[%emt 0:00:09]} 76. Kc6 {[%emt 0:00:03]} Ka7 {[%emt 0:00:03]} 77. Nc5 {[%emt 0:00:03]} Kb8 {[%emt 0:00:33]} 78. Kb6 {[%emt 0:00:01]} Ka8 {[%emt 0:00:01]} 79. Ne6 {[%emt 0:00:04]} Kb8 {[%emt 0:00:04]} 80. Nc7 {[%emt 0:00:02]} Kc8 {[%emt 0:00:07]} 81. a6 {[%emt 0:00:03]} 1-0

[Event "Mitropa Online Cup Women 2021"]
[Site "Hybrid"]
[Date "2021.05.04"]
[Round "1.3"]
[White "Kovarikova, Maria"]
[Black "Hercog, Nusa"]
[Result "0-1"]
[WhiteElo "1899"]
[BlackElo "2088"]
[Annotator "NA"]
[PlyCount "48"]
[EventDate "2021.05.04"]
[EventType "team-tourn"]
[EventCountry "NET"]
[SourceTitle "playchess.com"]
[Source "ChessBase"]
[SourceQuality "1"]
[WhiteTeam "Slovakia"]
[BlackTeam "Slovenia"]
[WhiteTeamCountry "SVK"]
[BlackTeamCountry "SLO"]
[TimeControl "40/5400+30:1800+30"]

1. e4 {[%emt 0:00:00]} c5 {[%emt 0:00:16]} 2. Nf3 {[%emt 0:00:21]} Nc6 {[%emt 0:00:37]} 3. d4 {[%emt 0:00:38]} cxd4 {[%emt 0:00:14]} 4. Nxd4 {[%emt 0:00:31]} e6 {[%emt 0:00:33]} 5. c4 {[%emt 0:01:11]} Nf6 {[%emt 0:06:00]} 6. Nc3 {[%emt 0:03:42]} Bb4 {[%emt 0:02:19]} 7. Nxc6 {[%emt 0:05:32]} bxc6 {[%emt 0:00:19]} 8. Bd3 {[%emt 0:05:51]} e5 {[%emt 0:01:16]} 9. O-O {[%emt 0:02:48]} d6 {[%emt 0:02:01]} 10. Bg5 {[%emt 0:09:39]} Bc5 {[%emt 0:08:59]} 11. Bc2 {[%emt 0:04:48]} h6 {[%emt 0:08:18]} 12. Bh4 {[%emt 0:02:52]} g5 {[%emt 0:08:57]} 13. Bg3 {[%emt 0:01:44]} h5 {[%emt 0:02:26]} 14. Ba4 {[%emt 0:12:31]} Bd7 {[%emt 0:08:29]} 15. h4 {[%emt 0:05:46]} Ng4 {[%emt 0:05:35]} 16. a3 {[%emt 0:03:55]} gxh4 {[%emt 0:02:44]} 17. Bh2 {[%emt 0:00:47]} Qg5 {[%emt 0:09:24]} 18. Ne2 {[%emt 0:07:47]} Rg8 {[%emt 0:03:20]} 19. g3 {[%emt 0:00:42]} hxg3 {[%emt 0:02:30]} 20. Nxg3 {[%emt 0:01:31]} h4 {[%emt 0:00:25]} 21. Qc1 {[%emt 0:02:11]} hxg3 {[%emt 0:03:04]} 22. Bxg3 {[%emt 0:00:19]} Nxf2 {[%emt 0:02:19]} 23. Qxg5 {[%emt 0:00:53]} Rxg5 {[%emt 0:02:11]} 24. Rxf2 {[%emt 0:00:35]} Rxg3+ {[%emt 0:00:10]} 0-1

[Event "Mitropa Online Cup Women 2021"]
[Site "Hybrid"]
[Date "2021.05.04"]
[Round "1.4"]
[White "Brunello, Marina"]
[Black "Terbe, Julianna"]
[Result "1-0"]
[WhiteElo "2367"]
[BlackElo "2267"]
[Annotator "NA"]
[PlyCount "67"]
[EventDate "2021.05.04"]
[EventType "team-tourn"]
[EventCountry "NET"]
[SourceTitle "playchess.com"]
[Source "ChessBase"]
[SourceQuality "1"]
[WhiteTeam "Italy"]
[BlackTeam "Hungary"]
[WhiteTeamCountry "ITA"]
[BlackTeamCountry "HUN"]
[TimeControl "40/5400+30:1800+30"]

1. e4 {[%emt 0:00:00]} c5 {[%emt 0:00:07]} 2. Nf3 {[%emt 0:00:31]} Nc6 {[%emt 0:00:08]} 3. d4 {[%emt 0:00:55]} cxd4 {[%emt 0:00:05]} 4. Nxd4 {[%emt 0:00:06]} Nf6 {[%emt 0:00:07]} 5. Nc3 {[%emt 0:00:19]} e5 {[%emt 0:00:06]} 6. Ndb5 {[%emt 0:00:09]} d6 {[%emt 0:00:07]} 7. Bg5 {[%emt 0:00:10]} a6 {[%emt 0:00:07]} 8. Na3 {[%emt 0:00:03]} b5 {[%emt 0:00:05]} 9. Nd5 {[%emt 0:00:04]} Be7 {[%emt 0:00:06]} 10. Bxf6 {[%emt 0:00:06]} Bxf6 {[%emt 0:00:05]} 11. c4 {[%emt 0:00:10]} b4 {[%emt 0:00:09]} 12. Nc2 {[%emt 0:00:05]} a5 {[%emt 0:00:12]} 13. g3 {[%emt 0:00:32]} O-O {[%emt 0:00:27]} 14. Bg2 {[%emt 0:00:41]} Bg5 {[%emt 0:00:30]} 15. O-O {[%emt 0:00:39]} Be6 {[%emt 0:00:27]} 16. Kh1 {[%emt 0:04:29]} Nb8 {[%emt 0:19:29]} 17. f4 {[%emt 0:05:22]} Bh6 {[%emt 0:02:19]} 18. Nce3 {[%emt 0:08:17]} g6 {[%emt 0:14:29]} 19. f5 {[%emt 0:23:10]} Bxd5 {[%emt 0:10:28]} 20. Qxd5 {[%emt 0:06:08]} Ra6 {[%emt 0:09:45]} 21. Ng4 {[%emt 0:01:21]} Qg5 {[%emt 0:00:23]} 22. Bh3 {[%emt 0:15:00]} Bg7 {[%emt 0:14:25]} 23. fxg6 {[%emt 0:05:57]} Qxg6 {[%emt 0:12:31]} 24. Rf3 {[%emt 0:11:15]} Nc6 {[%emt 0:06:09]} 25. Raf1 {[%emt 0:01:39]} Nd4 {[%emt 0:01:37]} 26. R3f2 {[%emt 0:00:42]} Rc6 {[%emt 0:05:38]} 27. Nf6+ {[%emt 0:01:40]} Kh8 {[%emt 0:01:01]} 28. Nd7 {[%emt 0:00:40]} Rg8 {[%emt 0:00:46]} 29. Rxf7 {[%emt 0:01:36]} Qh6 {[%emt 0:01:59]} 30. Kg2 {[%emt 0:01:38]} Qe3 {[%emt 0:00:32]} 31. R1f2 {[%emt 0:04:22]} a4 {[%emt 0:00:26]} 32. Rxg7 {[%emt 0:00:39]} Kxg7 {[%emt 0:00:24]} 33. Qf7+ {[%emt 0:00:07]} Kh6 {[%emt 0:00:39]} 34. Nf6 {[%emt 0:00:48]} 1-0

[Event "Mitropa Online Cup Women 2021"]
[Site "Hybrid"]
[Date "2021.05.04"]
[Round "1.4"]
[White "Sedina, Elena"]
[Black "Terbe, Zsuzsanna"]
[Result "1-0"]
[WhiteElo "2291"]
[BlackElo "2186"]
[Annotator "TA"]
[PlyCount "181"]
[EventDate "2021.05.04"]
[EventType "team-tourn"]
[EventCountry "NET"]
[SourceTitle "playchess.com"]
[Source "ChessBase"]
[SourceQuality "1"]
[WhiteTeam "Italy"]
[BlackTeam "Hungary"]
[WhiteTeamCountry "ITA"]
[BlackTeamCountry "HUN"]

{[%evp 15,181,6,6,5,19,0,6,0,8,0,0,13,0,5,25,0,25,0,0,0,0,0,0,-17,-27,-54,0,0,13,-27,-26,-22,0,0,0,-16,-14,-11,-10,-15,-9,-10,-6,-24,-23,-25,12,12,79,84,87,85,70,69,76,88,60,68,146,144,234,128,231,171,164,164,173,179,173,168,217,194,197,138,152,0,0,0,0,0,0,0,0,0,0,0,0,0,0,0,0,0,0,0,0,0,0,0,0,0,0,0,0,0,0,0,0,0,0,0,0,0,0,0,0,0,0,0,0,0,0,0,0,0,76,76,76,76,135,121,12831,12827,12833,12850,29947,29954,29946,29954,29961,29961,29961,29955,29942,0,29960,29958,29957,29957,29958,29959,29945,6070,29947,984,29960,29961,29960,29956,29962,29965,29969,29970,29990,29991,29991,29992,29992,29993]} 1. e4 c5 2. Nf3 Nc6 3. Bb5 g6 4. O-O Bg7 5. c3 Nf6 6. Re1 O-O 7. d4 d5 {is cutting edge theory.} 8. e5 Ne4 9. Be3 {B31: Sicilian: 2...Nc6 3 Bb5 g6.} Qb6 10. Bxc6 bxc6 11. Qc1 {The position is equal.} c4 12. Nbd2 Nxd2 13. Nxd2 Bf5 14. b3 Bd3 {[#]} 15. h3 $146 ({Predecessor:} 15. Qa3 Rfe8 16. Qa4 Qb5 17. Qxb5 cxb5 18. a4 b4 19. Rec1 Rec8 20. bxc4 dxc4 21. cxb4 {0-1 (50) Alekseev,E (2626)-Vokhidov,S (2512) Chess.com INT 2020}) 15... f6 16. exf6 exf6 17. Bf4 Rfe8 18. bxc4 dxc4 19. Nf3 Bf8 20. Qd2 Ba3 (20... g5 $15 21. Bg3 Ba3) 21. Bh6 $1 $11 Qc7 22. Rxe8+ (22. Nh2 {is more complex.} Qf7 23. Ng4 Bf5 24. f3 Rad8 25. Bf4) 22... Rxe8 23. Re1 Rxe1+ 24. Nxe1 Bf5 25. Qe2 {White threatens Qe8+ and mate.} Qf7 (25... Qd7 {is more complex.} 26. g4 Qe6 27. Be3 Bb1 28. Ng2 Bd3) 26. g4 {[#]} Qe6 27. Be3 Be4 28. f3 Bd5 29. Nc2 Bb2 30. Qe1 Bxf3 31. Qg3 {Strongly threatening Bh6.} Be4 (31... Bd1 $1 $11 {remains equal.} 32. Qb8+ {[%mdl 64] Double Attack} Kf7) 32. Qb8+ {[%mdl 64] Double Attack} Kf7 {[#]} 33. Bh6 $1 $36 {[%csl Gh6][%cal Rb8f8][%mdl 2048] Black is under strong pressure.} Qe7 34. Qxb2 g5 35. Ne3 Kg6 {[#]} 36. Bxg5 $1 fxg5 (36... Kxg5 $14 37. Nxc4 Bd5 38. Qd2+ Kg6 39. Qd3+ Qe4 40. Qxe4+ Bxe4) 37. Nxc4 $16 Kh6 (37... Bd5 $16 38. Ne5+ Kg7) 38. Ne5 (38. Qe2 $18 Qf7 39. Qxe4 (39. Nd6 Qf3 $16) 39... Qxc4 40. Qf5) 38... Bd5 (38... Kg7 $16 39. Qe2 Bb1) 39. Qf2 Kg7 40. c4 Be4 41. Qe3 Bg6 42. Kf2 Qb7 43. Qb3 Qc7 44. Qf3 (44. Qb4 $18) 44... Qa5 {[#]} 45. Nxg6 $2 ({And not} 45. Qxc6 Qd2+ 46. Kf1 Qd1+ 47. Kg2 Qd2+ 48. Kf3 Qc3+ 49. Ke2 Qc2+ 50. Kf3 Qc3+ 51. Kg2 Qd2+ 52. Kh1 Qc1+ 53. Kg2 Qd2+ $11) ({White should try} 45. Qe2 $1 $16) 45... Qxa2+ $11 46. Kg3 {Threatening mate with Ne5.} hxg6 47. Qxc6 {[%mdl 4096] Endgame KQ-KQ} Qb3+ 48. Kf2 Qb2+ 49. Ke3 Qc1+ $1 50. Kd3 Qd1+ (50... Qb1+ {looks sharper.} 51. Kd2 Qb2+ 52. Kd3 Qb1+) 51. Kc3 Qa1+ 52. Kd3 {Qd7+ is the strong threat.} Qd1+ 53. Kc3 Qa1+ 54. Kb4 {Hoping for Qc7+.} Qxd4 55. Kb5 (55. Qc5 {seems wilder.} a5+ 56. Qxa5 Qd2+ 57. Kb5 Qd7+ 58. Kc5) 55... Qb2+ 56. Ka6 Qa3+ 57. Kb7 a5 58. Ka6 Qb4 59. Qb5 Qc3 60. Kb6 {Black must now prevent c5.} Qd2 61. Qxa5 (61. Qe5+ {is interesting.} Kh7 62. c5 Qb4+ 63. Kc7 a4 64. c6) 61... Qd8+ 62. Kb5 Qe8+ (62... Qd7+ {is more complex.} 63. Kc5 Kh6 64. Qb6 Qc7+ 65. Qc6 Qa5+) 63. Kc5 Qe5+ 64. Kb6 Qe6+ (64... Qd6+ {keeps more tension.} 65. Kb7 Kh6 66. Qd5 Qe7+ 67. Kb8 Qf8+) 65. Kb5 Qe8+ 66. Kc5 Qe5+ 67. Kb4 Qe1+ 68. Ka4 Qd1+ $1 69. Kb5 {aiming for Qc3+.} Qb3+ (69... Qd7+ $11 70. Kc5 Kh6) 70. Qb4 $16 {White now steadily converts the win.} Qxh3 71. c5 {And now c6 would win.} Qd3+ 72. Qc4 Qd7+ $2 {[%mdl 8192]} (72... Qb1+ $16 73. Ka6 Qb8 74. Qd4+ Kh6) 73. c6 $18 Qc7 74. Qd4+ Kf7 75. Qb6 ({Not} 75. Qd7+ Qxd7 76. cxd7 Ke7 $11) 75... Qe5+ {[#]} 76. Ka6 $1 Qa1+ 77. Kb7 Qh1 78. Kb8 Qh8+ 79. Kb7 Qh1 80. Qb3+ Ke7 81. Qe3+ Kd6 82. Qd4+ Ke6 83. Qd7+ (83. Qc4+ $142 Kf6 84. Qd4+ Kf7 85. Qd7+ Kf8 86. Qc8+ Kg7 87. Kb8 Qf3 88. Qb7+ Kh6 89. c7) 83... Kf6 84. Qd8+ (84. Kb8 $142 Qe4 85. c7 Qb1+ 86. Kc8 Qb4 87. Qe8 Qxg4+ 88. Kd8 Qd4+ 89. Qd7) 84... Kf7 85. Qxg5 {White mates.} Qe4 86. Kc7 Qd3 87. Qe5 Qc4 88. g5 Qd3 89. Qf6+ Ke8 90. Qe6+ Kf8 91. Qd6+ {Weighted Error Value: White=0.12/Black=0.11} 1-0